All the Songs from 'Bonnie and Clyde' - Statistics

General Stats
  • This quiz has been taken 12 times
  • The average score is 11 of 27
Answer Stats
Songs % Correct
Raise a Little Hell
100%
This World will Remember me
100%
When I Drive
100%
Bonnie
75%
Dyin' Ain't so Bad
75%
How 'Bout a Dance
75%
Picture Show
75%
Raise a Little Hell (Reprise)
75%
This World Will Remember Us
75%
Dyin' Ain't so Bad (Reprise)
50%
Made in America
50%
This World will Remember me (Reprise)
50%
Finale
25%
God's Arms are Always Open
25%
God's Arms are Always Open (Reprise)
25%
Picture Show (Reprise)
25%
Prologue
25%
You Can do Better than Him
25%
You Love Who You Love
25%
You're Goin' Back to Jail
25%
Entr'Acte
0%
Now That's What you Call A Dream
0%
Now That's What you Call A Dream (Reprise)
0%
Out of the Woods
0%
Too Late to Turn back Now
0%
What Was good Enough For You
0%
You Can do Better than Him (Reprise)
0%
No matching quizzes found
Score Distribution
Percent of People with Each Score
Percentile by Number Answered
Your Score History
You have not taken this quiz